BSOP header

Heart for the gospel, heart for the world : (Record no. 33861)

MARC details
000 -LEADER
fixed length control field 00985nam a2200229 4500
008 - FIXED-LENGTH DATA ELEMENTS--GENERAL INFORMATION
fixed length control field 091127s2003 oruc b 001 0 eng d
020 ## - INTERNATIONAL STANDARD BOOK NUMBER
International Standard Book Number 1592442757 :USD19.14
020 ## - INTERNATIONAL STANDARD BOOK NUMBER
International Standard Book Number 9781592442751
090 ## - LOCALLY ASSIGNED LC-TYPE CALL NUMBER (OCLC); LOCAL CALL NUMBER (OCLC)
Classification number (OCLC) (R) ; Classification number, CALL (RLIN) (NR) BV2072.2.B38
Local cutter number (OCLC) ; Book number/undivided call number, CALL (RLIN) V82
-- 2003
100 1# - MAIN ENTRY--PERSONAL NAME
Personal name Visser, P. J.
Fuller form of name (Paul Jan),
Dates associated with a name 1959-
240 10 - UNIFORM TITLE
Uniform title Bemoeienis en getuigenis.
Language of a work English.
245 10 - TITLE STATEMENT
Title Heart for the gospel, heart for the world :
Remainder of title the life and thought of a reformed pioneer missiologist, Johan Herman Bavinck, 1895-1964 /
Statement of responsibility, etc by Paul Jan Visser.
260 ## - PUBLICATION, DISTRIBUTION, ETC. (IMPRINT)
Place of publication, distribution, etc Eugene, OR :
Name of publisher, distributor, etc Wipf and Stock,
Date of publication, distribution, etc c2003.
300 ## - PHYSICAL DESCRIPTION
Extent x, 343 p. :
Other physical details port. ;
Dimensions 23 cm.
500 ## - GENERAL NOTE
General note Translation of: Bemoeienis en getuigenis.
504 ## - BIBLIOGRAPHY, ETC. NOTE
Bibliography, etc Includes bibliographical references (p. 324-338) and index.
600 14 - SUBJECT ADDED ENTRY--PERSONAL NAME
Personal name Bavinck, J. H.
Fuller form of name (Johan Herman),
Dates associated with a name 1895-1964.
650 #4 - SUBJECT ADDED ENTRY--TOPICAL TERM
Topical term or geographic name as entry element Missions
General subdivision Theory
-- History
Chronological subdivision 20th century.
650 #4 - SUBJECT ADDED ENTRY--TOPICAL TERM
Topical term or geographic name as entry element Missions
General subdivision Theory.
951 ## - EQUIVALENCE OR CROSS-REFERENCE-GEOGRAPHIC NAME/AREA NAME [OBSOLETE] [CAN/MARC only]
General subdivision 00038593
951 ## - EQUIVALENCE OR CROSS-REFERENCE-GEOGRAPHIC NAME/AREA NAME [OBSOLETE] [CAN/MARC only]
-- 33445
-- BV2072.2.B38/V82/2003
-- 091127134045546
-- 2000-12-21
-- GC
Holdings
Withdrawn status Lost status Damaged status Not for loan Home library Current library Shelving location Date acquired Accession number Shelving control number Total Checkouts Full call number Barcode Date last seen Price effective from Koha item type
        BSOP Library BSOP Library GC 12/21/2000 33445 127   BV2072.2.B38/V82/2003 00038593 02/23/2013 02/23/2013 Books
BSOP

Biblical Seminary of the Philippines
  All rights Reserved
  © 2024

CONTACT INFORMATION

Biblical Seminary of the Philippines,
  77-B Karuhatan Road, Valenzuela City,
  PHILIPPINES 1441
  Phone: +632 8292-6795 / 8292-6798
  Fax : +632 8292-6675
  Email: library@bsop.edu.ph